[Event "ICS rated blitz match"]
[Site "204.178.125.65"]
[Date "2000.04.09"]
[Round "?"]
[White "Hossa"]
[Black "PostModernist"]
[Result "0-1"]
[WhiteElo "2374"]
[BlackElo "2573"]
[PlyCount "154"]

1. e4 c5 2. Nf3 d6 3. d4 Nf6 4. Nc3 cxd4 5. Nxd4 Nc6 6. Bg5 e6 7. Bb5 Bd7 8.
O-O Be7 9. Qd3 O-O 10. Rfd1 Nxd4 11. Qxd4 Bxb5 12. Nxb5 h6 13. Bh4 g5 14. Bg3
d5 15. Nc7 Rc8 16. exd5 Nxd5 17. Nxd5 Qxd5 18. Qa4 Qc5 19. Rd7 b5 20. Qe4 Rfd8
21. Rxd8+ Rxd8 22. Qe2 a6 23. Be5 Qd5 24. Bc3 f6 25. Ba5 Rb8 26. Re1 Kf7 27. b3
Rc8 28. c3 Qc6 29. Qh5+ Kg7 30. Qd1 Bd6 31. Re3 Be5 32. h4 gxh4 33. Qg4+ Kh7
34. Qxh4 Rg8 35. Qe4+ Qxe4 36. Rxe4 h5 37. c4 bxc4 38. bxc4 Rg7 39. c5 Rd7 40.
g3 Rd5 41. Rc4 Kg6 42. Bb4 Bc7 43. c6 f5 44. Be7 e5 45. Kg2 f4 46. gxf4 exf4
47. a4 Rd3 48. f3 Rd2+ 49. Kf1 a5 50. Bh4 Rd3 51. Ke2 Rd5 52. Kf2 Kf5 53. Kf1
Ke6 54. Bf2 Rd3 55. Ke2 Ra3 56. Bg1 h4 57. Ba7 h3 58. Rc1 Rxa4 59. Kd3 h2 60.
Bd4 Ra2 61. Ke4 Rc2 62. Rh1 Kd6 63. Be5+ Kxc6 64. Bxc7 Kxc7 65. Kxf4 a4 66. Kg3
a3 67. f4 a2 68. f5 Rb2 69. f6 Rb1 70. f7 Rg1+ 71. Kf2 a1=Q 72. f8=Q Qe1+ 73.
Kf3 Rg3+ 74. Kf4 Qe3+ 75. Kf5 Rg5+ 76. Kf6 Qf4+ 77. Ke7 Re5# 0-1

[Event "ICS rated blitz match"]
[Site "204.178.125.65"]
[Date "2000.04.09"]
[Round "?"]
[White "PostModernist"]
[Black "Hossa"]
[Result "1-0"]
[WhiteElo "2581"]
[BlackElo "2366"]
[PlyCount "39"]

1. d4 d5 2. Nf3 Nf6 3. e3 e6 4. Nbd2 c5 5. c3 Nc6 6. Bd3 Bd6 7. O-O O-O 8. Qe2
e5 9. dxc5 Bxc5 10. e4 Bg4 11. exd5 Nxd5 12. Nb3 Bb6 13. Rd1 f5 14. Bc4 Nce7
15. Qxe5 Re8 16. Ng5 Qc7 17. Bxd5+ Nxd5 18. Qxd5+ Kh8 19. Nf7+ Kg8 20. Nd6+ 1-0

[Event "ICS rated standard match"]
[Site "204.178.125.65"]
[Date "2000.04.09"]
[Round "?"]
[White "Hossa"]
[Black "Nothing"]
[Result "1-0"]
[WhiteElo "2361"]
[BlackElo "2093"]
[PlyCount "75"]

1. e4 c5 2. Nf3 Nc6 3. d4 cxd4 4. Nxd4 g6 5. Nc3 Bg7 6. Be3 Nf6 7. Bc4 O-O 8.
Bb3 d6 9. f3 Bd7 10. Nxc6 Bxc6 11. Qd2 b5 12. O-O Qc7 13. a4 a6 14. Bd4 Qb7 15.
axb5 axb5 16. Rxa8 Rxa8 17. Rd1 h5 18. Bxf6 Bxf6 19. Qh6 e6 20. Kf1 Qe7 21. Qe3
Be5 22. Qb6 Qd7 23. Kg1 Qa7 24. Qxa7 Rxa7 25. Ne2 Rd7 26. Nd4 Bxd4+ 27. Rxd4
Kf8 28. Rb4 Ke7 29. c4 bxc4 30. Rxc4 Bb5 31. Rb4 Bc6 32. Ba4 Bxa4 33. Rxa4 Rb7
34. b4 Kd7 35. Kf2 Kc6 36. Ke3 Kb5 37. Ra2 Kxb4 38. Rb2+ 1-0

[Event "ICS Rated blitz match"]
[Site "204.178.125.65"]
[Date "2000.04.09"]
[Round "?"]
[White "Hossa"]
[Black "Tinker"]
[Result "0-1"]
[WhiteElo "2359"]
[BlackElo "2389"]
[PlyCount "102"]

1. e4 e5 2. Nf3 Nc6 3. Bb5 Nd4 4. Nxd4 exd4 5. O-O c6 6. Ba4 d5 7. exd5 Qxd5 8.
d3 Nf6 9. Re1+ Be7 10. Bf4 Bg4 11. f3 Bf5 12. Nd2 Qd7 13. Qe2 b5 14. Bb3 h6 15.
Bg3 a5 16. a4 Kf8 17. axb5 cxb5 18. Be5 a4 19. Ba2 Bb4 20. Bxf6 gxf6 21. Qf2
Qc7 22. Bd5 Rd8 23. Be4 Be6 24. c3 dxc3 25. bxc3 Bxc3 26. Rac1 f5 27. Re3 Qa5
28. Rxc3 Qxc3 29. Bb7 a3 30. Nb1 Qb4 31. Nd2 a2 32. Re1 Qc3 33. Nf1 Rxd3 34.
Qe2 Rd7 35. Bc6 Qxc6 36. Qe3 Qd6 37. Kh1 Bc4 38. Qc3 Qd4 39. Qxd4 Rxd4 40. Ne3
Bd3 41. Kg1 Rb4 42. Kf2 Rb1 43. f4 a1=Q 44. Rxb1 Qxb1 45. g4 fxg4 46. Nxg4 Qf1+
47. Ke3 Ke7 48. Ne5 Qe2+ 49. Kd4 Rc8 50. Nxd3 Rc4+ 51. Kd5 Qe4# 0-1

[Event "ICS rated standard match"]
[Site "204.178.125.65"]
[Date "2000.04.09"]
[Round "?"]
[White "Hossa"]
[Black "Maidana"]
[Result "1-0"]
[WhiteElo "2367"]
[BlackElo "2190"]
[PlyCount "30"]

1. e4 c5 2. Nf3 d6 3. d4 cxd4 4. Nxd4 Nf6 5. Nc3 g6 6. Be3 Bg7 7. f3 O-O 8. Qd2
Nc6 9. Bc4 Bd7 10. O-O-O Rc8 11. Bb3 Ne5 12. h4 h5 13. Bg5 Nc4 14. Qe2 b5 15.
Ncxb5 Na5 1-0

[Event "ICS rated blitz match"]
[Site "204.178.125.65"]
[Date "2000.04.09"]
[Round "?"]
[White "Hossa"]
[Black "Maidana"]
[Result "1-0"]
[WhiteElo "2347"]
[BlackElo "2359"]
[PlyCount "51"]

1. e4 c5 2. Nf3 d6 3. d4 cxd4 4. Nxd4 Nf6 5. Nc3 g6 6. Be3 Bg7 7. f3 O-O 8. Qd2
Nc6 9. Bc4 Bd7 10. O-O-O Rc8 11. Bb3 Ne5 12. h4 Nc4 13. Bxc4 Rxc4 14. h5 Nxh5
15. g4 Nf6 16. Bh6 Nxe4 17. Qe3 Rxc3 18. bxc3 Nf6 19. Bxg7 Kxg7 20. Rh2 Rh8 21.
Nb3 h5 22. g5 Nh7 23. f4 Bg4 24. Re1 Qc7 25. Qxe7 Qxc3 26. Rd2 1-0

[Event "ICS rated blitz match"]
[Site "204.178.125.65"]
[Date "2000.04.09"]
[Round "?"]
[White "QueenMaxima"]
[Black "Hossa"]
[Result "1-0"]
[WhiteElo "2448"]
[BlackElo "2353"]
[PlyCount "127"]

1. d4 Nf6 2. c4 e6 3. Nc3 Bb4 4. e3 O-O 5. Bd3 d5 6. Nf3 dxc4 7. Bxc4 c5 8. O-O
cxd4 9. exd4 Nbd7 10. Bd3 b6 11. a3 Be7 12. Bf4 Bb7 13. Qe2 Rc8 14. Nb5 Nd5 15.
Bg3 a6 16. Nd6 Bxd6 17. Bxd6 Re8 18. Bxa6 Bxa6 19. Qxa6 Rc6 20. Bg3 N7f6 21.
Rfc1 Qc8 22. Qf1 Ne4 23. Be5 Rc2 24. Qd1 Rxc1 25. Rxc1 Qd8 26. Qd3 Ng5 27. Nxg5
Qxg5 28. Rc6 Qe7 29. Bd6 Qh4 30. Bc7 Rc8 31. Qa6 Ne7 32. Rd6 Kf8 33. Qf1 b5 34.
Qxb5 Qe4 35. b4 Nf5 36. Rc6 Kg8 37. Rc1 Nxd4 38. Qd7 Rf8 39. Kh1 Ne2 40. Ra1
Qc2 41. Bd6 Ra8 42. Be5 Qe4 43. Rd1 h6 44. Bb2 Qh4 45. Qc6 Rd8 46. Rxd8+ Qxd8
47. Qc2 Nf4 48. f3 Qd3 49. Qxd3 Nxd3 50. b5 Nf2+ 51. Kg1 Nd3 52. a4 h5 53. a5
Nc5 54. a6 Kh7 55. a7 Na4 56. a8=Q Nc5 57. Qf8 e5 58. Qxc5 h4 59. Qxe5 f6 60.
Qe8 Kh6 61. Qf7 h3 62. g4 Kh7 63. Bxf6 Kh6 64. Qxg7# 1-0

[Event "ICS rated blitz match"]
[Site "204.178.125.65"]
[Date "2000.04.09"]
[Round "?"]
[White "Hossa"]
[Black "Maidana"]
[Result "1-0"]
[WhiteElo "2341"]
[BlackElo "2257"]
[PlyCount "53"]

1. e4 e6 2. d4 d5 3. Nc3 Bb4 4. e5 Qd7 5. Bd2 b6 6. Bd3 Bb7 7. Nf3 Nc6 8. a3
Bxc3 9. bxc3 O-O-O 10. O-O f5 11. c4 dxc4 12. Bxc4 Nxd4 13. Nxd4 Qxd4 14. Bxe6+
Kb8 15. Bg5 Qxd1 16. Rfxd1 Re8 17. Bxf5 Nh6 18. Bxh6 gxh6 19. Re1 h5 20. Re3 h4
21. Rd1 Rhg8 22. Bh3 Rgf8 23. Bd7 Re7 24. Bg4 Rg7 25. f3 h3 26. Bxh3 Bxf3 27.
Rf1 1-0

[Event "ICS rated blitz match"]
[Site "204.178.125.65"]
[Date "2000.04.09"]
[Round "?"]
[White "Maidana"]
[Black "Hossa"]
[Result "0-1"]
[WhiteElo "2231"]
[BlackElo "2347"]
[PlyCount "48"]

1. d4 d5 2. c4 e6 3. Nc3 Nf6 4. Bg5 Be7 5. cxd5 exd5 6. e3 O-O 7. Bd3 Be6 8.
Nf3 Nbd7 9. Bc2 Re8 10. Ne5 Nxe5 11. dxe5 Nd7 12. Bxe7 Qxe7 13. f4 Nb6 14. b3
Qh4+ 15. g3 Qd8 16. Qh5 g6 17. Qh6 Qe7 18. a3 Qc5 19. Kd2 Rad8 20. Ne2 d4 21.
exd4 Rxd4+ 22. Nxd4 Qxd4+ 23. Ke2 Bg4+ 24. Kf1 Qxa1+ 0-1

[Event "ICS rated blitz match"]
[Site "204.178.125.65"]
[Date "2000.04.09"]
[Round "?"]
[White "Hossa"]
[Black "Maidana"]
[Result "1-0"]
[WhiteElo "2353"]
[BlackElo "2167"]
[PlyCount "33"]

1. e4 c6 2. d4 d5 3. Nc3 dxe4 4. Nxe4 Bf5 5. Ng3 Bg6 6. h4 h6 7. Nf3 Nd7 8. h5
Bh7 9. Bd3 Bxd3 10. Qxd3 Qc7 11. Bd2 e6 12. O-O-O O-O-O 13. Rde1 Bd6 14. Ne4
Bf4 15. Bxf4 Qxf4+ 16. Kb1 e5 17. Rh4 1-0

[Event "ICS rated blitz match"]
[Site "204.178.125.65"]
[Date "2000.04.09"]
[Round "?"]
[White "ravielig"]
[Black "Hossa"]
[Result "0-1"]
[WhiteElo "2055"]
[BlackElo "2358"]
[PlyCount "69"]

1. e4 e5 2. Nf3 Nc6 3. Bb5 a6 4. Ba4 Nf6 5. O-O Be7 6. Re1 b5 7. Bb3 d6 8. c3
O-O 9. h3 Bb7 10. d4 Re8 11. Nbd2 Bf8 12. Bc2 g6 13. d5 Ne7 14. Nf1 Bg7 15. Ne3
c6 16. dxc6 Bxc6 17. Ng4 Nxg4 18. hxg4 d5 19. exd5 Nxd5 20. Bg5 Qd7 21. Nd2 f6
22. Bh4 Red8 23. Nb3 a5 24. f3 a4 25. Nc5 Qe7 26. Nd3 a3 27. Qc1 axb2 28. Qxb2
Qc7 29. Bb3 Bb7 30. Nb4 Bf8 31. Bxf6 Qb6+ 32. Kh1 Qxf6 33. Rad1 Qh4+ 34. Kg1
Bc5+ 35. Kf1 0-1

[Event "ICS rated blitz match"]
[Site "204.178.125.65"]
[Date "2000.04.09"]
[Round "?"]
[White "Hossa"]
[Black "ravielig"]
[Result "1-0"]
[WhiteElo "2363"]
[BlackElo "2050"]
[PlyCount "28"]

1. e4 c5 2. c3 e6 3. d4 d5 4. exd5 exd5 5. Nf3 Nc6 6. Bb5 Bd6 7. O-O Nge7 8.
dxc5 Bxc5 9. Nbd2 O-O 10. Nb3 Bd6 11. Nbd4 a6 12. Bd3 Bg4 13. Bxh7+ Kxh7 14.
Ng5+ Kg8 1-0

[Event "ICS rated blitz match"]
[Site "204.178.125.65"]
[Date "2000.04.09"]
[Round "?"]
[White "GAMBIT123"]
[Black "Hossa"]
[Result "0-1"]
[WhiteElo "2089"]
[BlackElo "2368"]
[PlyCount "44"]

1. e4 e5 2. Nf3 Nc6 3. Bb5 a6 4. Ba4 Nf6 5. O-O Be7 6. Re1 b5 7. Bb3 d6 8. c3
O-O 9. h3 Bb7 10. d4 Re8 11. Ng5 Rf8 12. Nf3 Re8 13. Ng5 Rf8 14. Nf3 a5 15. a4
b4 16. d5 Nb8 17. c4 c6 18. Nbd2 Nbd7 19. Bc2 Rc8 20. Bd3 Nc5 21. Bf1 b3 22.
Nb1 Nfxe4 0-1

[Event "ICS rated blitz match"]
[Site "204.178.125.65"]
[Date "2000.04.09"]
[Round "?"]
[White "Hossa"]
[Black "QueenMaxima"]
[Result "1-0"]
[WhiteElo "2373"]
[BlackElo "2453"]
[PlyCount "53"]

1. e4 c5 2. Nf3 e6 3. d4 cxd4 4. Nxd4 Nc6 5. Nc3 Qc7 6. Be2 a6 7. f4 b5 8. Nxc6
Qxc6 9. e5 d6 10. Bf3 d5 11. Nxd5 Qd7 12. Nf6+ Nxf6 13. Bxa8 Qxd1+ 14. Kxd1 Nd7
15. Bc6 Bc5 16. a4 b4 17. Ke2 a5 18. Be3 Bxe3 19. Kxe3 Ke7 20. c4 bxc3 21. bxc3
Nc5 22. Rhd1 Rd8 23. g4 Bd7 24. Bxd7 Rxd7 25. Rxd7+ Kxd7 26. c4 Kc6 27. Ra3 1-0

[Event "ICS rated blitz match"]
[Site "204.178.125.65"]
[Date "2000.04.09"]
[Round "?"]
[White "QueenMaxima"]
[Black "Hossa"]
[Result "1/2-1/2"]
[WhiteElo "2433"]
[BlackElo "2393"]
[PlyCount "94"]

1. d4 d5 2. c4 e6 3. Nc3 Nf6 4. Nf3 Be7 5. Bg5 h6 6. Bxf6 Bxf6 7. e3 Nc6 8. Qb3
Na5 9. Qa4+ c6 10. cxd5 b5 11. Nxb5 cxb5 12. Bxb5+ Kf8 13. dxe6 Bxe6 14. O-O
Rb8 15. Rfe1 Be7 16. Reb1 Bf5 17. Ne5 f6 18. g4 fxe5 19. gxf5 Qb6 20. b4 Qxb5
21. Qxb5 Rxb5 22. bxa5 Rd5 23. Rb8+ Rd8 24. Rxd8+ Bxd8 25. dxe5 Bxa5 26. Rd1
Ke7 27. h4 Rd8 28. Rxd8 Kxd8 29. h5 Bc3 30. e6 a5 31. f4 a4 32. Kg2 Bb4 33. e4
Bd2 34. Kf3 Bc1 35. Kg4 Be3 36. Kg3 a3 37. Kf3 Bc1 38. Kg4 Ke8 39. e5 Ke7 40.
Kf3 Bd2 41. Kg3 Be3 42. Kf3 Bd2 43. Kg4 Be1 44. Kh3 Bd2 45. Kg3 Be3 46. Kg4 Bc1
47. Kg3 Be3 1/2-1/2

[Event "ICS rated blitz match"]
[Site "204.178.125.65"]
[Date "2000.04.09"]
[Round "?"]
[White "PostModernist"]
[Black "Hossa"]
[Result "1/2-1/2"]
[WhiteElo "2624"]
[BlackElo "2395"]
[PlyCount "195"]

1. d4 d5 2. Nf3 Nf6 3. e3 e6 4. Bd3 c5 5. c3 Be7 6. Nbd2 Nc6 7. O-O O-O 8. dxc5
Bxc5 9. e4 Bd7 10. exd5 exd5 11. Nb3 Bd6 12. Re1 Qc7 13. Bg5 Ng4 14. h3 Nge5
15. Bc2 Nxf3+ 16. Qxf3 Be6 17. Qd3 g6 18. Nd4 Nxd4 19. Qxd4 Rfc8 20. Bh6 Bf8
21. Bxf8 Rxf8 22. Bb3 Rfd8 23. Rad1 Rd6 24. Rd2 a5 25. Rde2 Rf8 26. Re3 b5 27.
Rf3 a4 28. Bc2 Qc4 29. Qe5 Rd7 30. b3 axb3 31. axb3 Qc6 32. g4 b4 33. Qd4 bxc3
34. Rxc3 Qd6 35. f4 Rc7 36. Rxc7 Qxc7 37. Re2 Bc8 38. Qxd5 Qxf4 39. Kg2 Qb4 40.
Qd2 Bb7+ 41. Kg3 Qb6 42. Qe3 Qc6 43. Be4 Qd6+ 44. Qf4 Qd1 45. Qf3 Ba6 46. Ra2
Qg1+ 47. Rg2 Qd4 48. Rf2 Bb5 49. Bd5 Qe5+ 50. Kg2 Qe8 51. g5 Qd7 52. b4 Qe7 53.
Qf4 Bd3 54. Kh2 Bf5 55. h4 Rd8 56. Bf3 Qe6 57. b5 Qb6 58. Be2 Rd4 59. Qg3 Rd2
60. Kg2 Be4+ 61. Kh3 Bd5 62. h5 gxh5 63. Kh4 Bc4 64. Bxc4 Qxf2 65. Qxf2 Rxf2
66. Kxh5 Rd2 67. Bf1 Kg7 68. Bc4 f5 69. gxf6+ Kxf6 70. Bf1 Kf5 71. Kh6 Rh2+ 72.
Kg7 h5 73. Kh6 h4 74. b6 Kg4 75. b7 Rb2 76. Bg2 h3 77. Bd5 Rb5 78. Kg6 h2 79.
Bh1 Rb1 80. Be4 Rb6+ 81. Kf7 Kf4 82. Bh1 Rb1 83. Ke7 Kg4 84. Bd5 Kh4 85. Kd6
Rb5 86. Bh1 Kh3 87. Kc7 Rc5+ 88. Kb6 Rc1 89. b8=Q Rb1+ 90. Kc7 Rxb8 91. Kxb8
Kh4 92. Be4 Kg5 93. Bh1 Kh4 94. Be4 Kg5 95. Kb7 Kh4 96. Bh1 Kg5 97. Kb8 Kh4 98.
Be4 1/2-1/2

[Event "ICS rated blitz match"]
[Site "204.178.125.65"]
[Date "2000.04.09"]
[Round "?"]
[White "Hossa"]
[Black "PostModernist"]
[Result "0-1"]
[WhiteElo "2404"]
[BlackElo "2615"]
[PlyCount "174"]

1. e4 e5 2. Nf3 Nc6 3. Nc3 Nf6 4. Nxe5 Bb4 5. Nxc6 dxc6 6. d3 Qd4 7. Be2 Bxc3+
8. bxc3 Qxc3+ 9. Bd2 Qc5 10. O-O O-O 11. Bf4 Qe7 12. Qd2 Re8 13. Rab1 b6 14.
Bg5 h6 15. Be3 Be6 16. c3 Rad8 17. Qc1 c5 18. f3 a5 19. Qc2 Nd7 20. Bf4 Nf6 21.
Rfd1 Nh5 22. Be3 Nf6 23. Bf2 Nd7 24. d4 cxd4 25. cxd4 f5 26. d5 Bf7 27. Qxc7
fxe4 28. d6 Qe6 29. fxe4 Rc8 30. Bc4 Qxc4 31. Qxd7 Qxe4 32. Re1 Qd5 33. Rxe8+
Rxe8 34. a4 Re6 35. Qd8+ Kh7 36. d7 Rg6 37. g3 Rd6 38. Qf8 Be6 39. Bxb6 Bh3 40.
Qf2 Rxb6 41. Qc2+ Bf5 42. d8=Q Rxb1+ 43. Qxb1 Qc5+ 44. Kg2 Bxb1 45. Qe8 Qd5+
46. Kf2 Bg6 47. Qb5 Qxb5 48. axb5 a4 49. b6 a3 50. b7 a2 51. b8=Q a1=Q 52. Qb4
Qh1 53. Qh4 Be4 54. Qh5 g6 55. Qb5 Bc6 56. Qb8 Qxh2+ 57. Ke3 Qg1+ 58. Kd2 Qd4+
59. Ke2 h5 60. Qc7+ Bd7 61. Kf3 Qd2 62. Ke4 g5 63. Qb8 Kg7 64. Qe5+ Kg6 65. Qc7
Bf5+ 66. Ke5 Qe3+ 67. Kd5 Qe4+ 68. Kd6 Qd4+ 69. Kc6 Qc4+ 70. Kd6 Qxc7+ 71. Kxc7
h4 72. g4 h3 73. Kd6 h2 74. Ke5 Bc8 75. Kd4 h1=Q 76. Kc4 Qe4+ 77. Kc3 Qe3+ 78.
Kc4 Qa3 79. Kd4 Qb4+ 80. Ke3 Qc3+ 81. Kf2 Bxg4 82. Kg2 Qc6+ 83. Kg1 Qf3 84. Kh2
Qh3+ 85. Kg1 Qg3+ 86. Kf1 Qh2 87. Ke1 Qe2# 0-1

[Event "ICS rated blitz match"]
[Site "204.178.125.65"]
[Date "2000.04.10"]
[Round "?"]
[White "PostModernist"]
[Black "Hossa"]
[Result "1/2-1/2"]
[WhiteElo "2622"]
[BlackElo "2397"]
[PlyCount "257"]

1. d4 d5 2. Nf3 Nf6 3. e3 e6 4. c4 c5 5. Nc3 Nc6 6. a3 cxd4 7. exd4 Be7 8. Bg5
O-O 9. Rc1 Kh8 10. cxd5 exd5 11. Be2 Re8 12. O-O Ne4 13. Bxe7 Rxe7 14. b4 Bg4
15. b5 Na5 16. h3 Bh5 17. Re1 Nxc3 18. Rxc3 Kg8 19. g4 Bg6 20. Nh4 Qd6 21. Nxg6
hxg6 22. Bd3 Rae8 23. Rxe7 Qxe7 24. Rc5 Qd7 25. Qc2 b6 26. Rc7 Qd8 27. Rxa7 Qf6
28. Qc3 Qf3 29. Qc7 Nb3 30. Bf1 Nxd4 31. Qxb6 Qd1 32. Qc7 Rf8 33. Qe7 Nxb5 34.
Rd7 Nd4 35. Qe3 Nf3+ 36. Kg2 Nh4+ 37. Kg1 d4 38. Qe2 Qa4 39. Qe7 Nf3+ 40. Kg2
Qa8 41. Kg3 Nd2 42. Bg2 Qb8+ 43. Qd6 Qxd6+ 44. Rxd6 Nc4 45. Rxd4 Nxa3 46. Rd7
Nb5 47. Bd5 g5 48. f4 gxf4+ 49. Kxf4 Nc3 50. Bb3 g6 51. Bc4 Na4 52. Rb7 Kg7 53.
g5 Kg8 54. Ke5 Kg7 55. Kd4 Rd8+ 56. Bd5 Kh8 57. Ke5 Nc5 58. Rxf7 Nd3+ 59. Ke6
Nc5+ 60. Kf6 Rxd5 61. Kxg6 Ne6 62. h4 Kg8 63. Rf2 Rd4 64. Rh2 Ng7 65. Kf6 Rg4
66. g6 Nh5+ 67. Kf5 Ra4 68. Rc2 Ra5+ 69. Ke6 Kg7 70. Rc4 Kxg6 71. Rg4+ Kh7 72.
Rg5 Nf4+ 73. Kf6 Ra8 74. Kf5 Nh3 75. Rg3 Nf2 76. Rg2 Rf8+ 77. Ke5 Nd3+ 78. Ke4
Ne1 79. Rg4 Re8+ 80. Kf5 Nc2 81. Kf6 Rf8+ 82. Ke7 Rc8 83. Kd6 Ne3 84. Kd7 Rf8
85. Rg3 Nd5 86. Kd6 Nf4 87. Rg5 Re8 88. Re5 Rd8+ 89. Ke7 Rd4 90. Kf7 Rb4 91.
Rg5 Kh6 92. Kf6 Rc4 93. Kf5 Ne2 94. Rg4 Nd4+ 95. Kf6 Rc6+ 96. Ke5 Nf3+ 97. Kf4
Kh5 98. Rg8 Rf6+ 99. Kg3 Nd2 100. Rg5+ Kh6 101. Kg4 Ne4 102. Rf5 Re6 103. Kf4
Nc3 104. Kg4 Re4+ 105. Rf4 Re1 106. Rf6+ Kg7 107. Rf5 Rg1+ 108. Kf4 Rd1 109.
Ke5 Rd5+ 110. Ke6 Rd8 111. Rg5+ Kh6 112. Ke5 Re8+ 113. Kf5 Rf8+ 114. Ke5 Rf3
115. Kd4 Ne2+ 116. Ke5 Ra3 117. Kf6 Ra6+ 118. Kf7 Nc3 119. Rg1 Nd5 120. Kf8 Rg6
121. Rxg6+ Kxg6 122. h5+ Kh7 123. h6 Nf4 124. Kf7 Nd3 125. Ke8 Nf4 126. Ke7 Nd3
127. Ke8 Nf4 128. Ke7 Nd3 129. Ke8 1/2-1/2

[Event "ICS rated standard match"]
[Site "204.178.125.65"]
[Date "2000.04.10"]
[Round "?"]
[White "expert101"]
[Black "Hossa"]
[Result "1-0"]
[WhiteElo "2063"]
[BlackElo "2369"]
[PlyCount "125"]

1. d4 d5 2. Nf3 Nf6 3. Bg5 e6 4. e3 Be7 5. Bd3 c5 6. dxc5 Bxc5 7. O-O h6 8. Bh4
Nc6 9. Nbd2 e5 10. e4 d4 11. Nc4 Bg4 12. h3 Bxf3 13. Qxf3 b5 14. Nd2 a6 15. a4
b4 16. Nc4 g5 17. Bg3 Nd7 18. Qh5 a5 19. h4 Rb8 20. hxg5 Qxg5 21. Qh2 b3 22. f4
Qg4 23. fxe5 Rb7 24. Nd6+ Bxd6 25. exd6 bxc2 26. Bxc2 Rxb2 27. Bd1 Qg5 28. Bf3
Nde5 29. Bf4 Nxf3+ 30. Rxf3 Qg6 31. Rc1 Qxe4 32. Qg3 Rb1 33. Rxb1 Qxb1+ 34. Rf1
Qg6 35. Re1+ Kd7 36. Qh3+ f5 37. Qb3 Rb8 38. Re7+ Nxe7 39. Qxb8 Qe8 40. Qxe8+
Kxe8 41. dxe7 Kxe7 42. Kf2 Ke6 43. Bd2 Kd5 44. Bxa5 h5 45. Bd2 Kc4 46. a5 Kb5
47. Ke2 Kc5 48. Kd3 Kd5 49. a6 Kc6 50. Kxd4 f4 51. Bxf4 Kb6 52. Ke5 Kc6 53. Kf5
Kb5 54. a7 Ka6 55. a8=Q+ Kb5 56. Qc8 h4 57. Ke4 Kb6 58. Kd5 h3 59. gxh3 Kb5 60.
Qc4+ Kb6 61. Qb4+ Ka7 62. Kc6 Ka6 63. Qa4# 1-0

[Event "ICS Rated standard match"]
[Site "204.178.125.65"]
[Date "2000.04.10"]
[Round "?"]
[White "Hossa"]
[Black "manuelconj"]
[Result "1-0"]
[WhiteElo "2342"]
[BlackElo "1983"]
[PlyCount "47"]

1. e4 d6 2. d4 Nf6 3. Nc3 g6 4. f4 Bg7 5. Nf3 c5 6. Bb5+ Bd7 7. e5 Ng4 8. e6
Bxb5 9. exf7+ Kf8 10. Nxb5 Qa5+ 11. Nc3 cxd4 12. Nxd4 Bxd4 13. Qxd4 Nf6 14. Qc4
Qc5 15. Qxc5 dxc5 16. Be3 b6 17. O-O-O Kxf7 18. Bf2 Nc6 19. Rd2 Rad8 20. Rhd1
Rxd2 21. Rxd2 e5 22. Bh4 exf4 23. Bxf6 Kxf6 24. Rd6+ 1-0

[Event "ICS rated blitz match"]
[Site "204.178.125.65"]
[Date "2000.04.10"]
[Round "?"]
[White "Hossa"]
[Black "GAMBIT123"]
[Result "1-0"]
[WhiteElo "2406"]
[BlackElo "2120"]
[PlyCount "79"]

1. e4 Nc6 2. d4 e5 3. d5 Nce7 4. c4 Ng6 5. Nf3 Nf6 6. Bd3 Bb4+ 7. Nc3 Bxc3+ 8.
bxc3 d6 9. Rb1 b6 10. h3 a5 11. O-O O-O 12. Bg5 h6 13. Be3 Nh7 14. Qc2 Ng5 15.
Nxg5 hxg5 16. f3 Nf4 17. Qd2 f6 18. Bc2 Bd7 19. Rfe1 Kf7 20. Rb2 Rh8 21. Bb1
Rh6 22. Bxf4 gxf4 23. a3 Qe7 24. Qd1 Rah8 25. Kf2 g6 26. Rg1 Kg7 27. Qd2 Rh5
28. Ke2 Rg5 29. Qe1 Rg3 30. Kd1 Rh5 31. Kc1 Rhg5 32. h4 Rh5 33. Rh1 Qf8 34. Qg1
Qh8 35. c5 dxc5 36. d6 Rxh4 37. Rxh4 Qxh4 38. dxc7 Qg5 39. Qd1 Be6 40. Rxb6 1-0

[Event "ICS rated blitz match"]
[Site "204.178.125.65"]
[Date "2000.04.10"]
[Round "?"]
[White "QueenMaxima"]
[Black "Hossa"]
[Result "1/2-1/2"]
[WhiteElo "2428"]
[BlackElo "2416"]
[PlyCount "164"]

1. d4 Nf6 2. c4 e6 3. Nc3 Bb4 4. e3 O-O 5. Bd3 d5 6. Nf3 dxc4 7. Bxc4 c5 8. O-O
cxd4 9. exd4 Nbd7 10. Bd3 b6 11. a3 Be7 12. Qe2 Bb7 13. Bf4 Rc8 14. Ba6 Bxa6
15. Qxa6 Nh5 16. Be3 Ra8 17. d5 exd5 18. Nxd5 Ne5 19. Nxe7+ Qxe7 20. Nxe5 Qxe5
21. Rad1 Qxb2 22. Rd7 Nf6 23. Rxa7 Rxa7 24. Qxa7 Nd5 25. Bc1 Qb5 26. Re1 Re8
27. Rxe8+ Qxe8 28. Bd2 h6 29. h3 h5 30. Qb7 Qd8 31. Kh1 g6 32. Kg1 h4 33. Qc6
Ne7 34. Qc3 Nf5 35. Qb2 b5 36. Bc3 Qd3 37. Be5 Qd1+ 38. Kh2 Qd5 39. Bf6 Kh7 40.
Qb4 Qc4 41. Qd2 Qc7+ 42. Kg1 Qc4 43. Bg5 Qb3 44. Qc1 Nd4 45. Qa1 Nc2 46. Qf6
Nxa3 47. Bf4 Qe6 48. Qxh4+ Kg8 49. Qd8+ Kg7 50. Qd4+ Kh7 51. Be5 g5 52. Bh8 Qg6
53. Bf6 Qb1+ 54. Kh2 Qf5 55. Bxg5 Qxg5 56. Qd3+ Kh6 57. Qxa3 Qe5+ 58. g3 Kg7
59. h4 Qd4 60. Qf3 Qc4 61. Qf5 Kf8 62. h5 b4 63. Qf6 Qd5 64. g4 b3 65. Kg3 Ke8
66. Qc3 Qd1 67. Qe5+ Kf8 68. Qc5+ Kg7 69. Qe3 Qc2 70. h6+ Kg6 71. f3 Qd1 72.
Qb6+ f6 73. h7 Qe1+ 74. Kg2 Qe2+ 75. Kg3 Qe1+ 76. Kh3 Qh1+ 77. Kg3 Qe1+ 78. Kh2
Qe2+ 79. Kg1 Qe1+ 80. Kg2 Qe2+ 81. Kg1 Qe1+ 82. Kg2 Qe2+ 1/2-1/2

[Event "ICS rated standard match"]
[Site "204.178.125.65"]
[Date "2000.04.10"]
[Round "?"]
[White "caralva"]
[Black "Hossa"]
[Result "0-1"]
[WhiteElo "2049"]
[BlackElo "2346"]
[PlyCount "51"]

1. e4 c5 2. Nf3 d6 3. d4 cxd4 4. c3 dxc3 5. Nxc3 Nc6 6. Bc4 Bd7 7. Bg5 Na5 8.
Bd3 Nf6 9. O-O Nc6 10. Bxf6 gxf6 11. Nd2 Rg8 12. Re1 Bh6 13. Nc4 Bg4 14. f3 Bh3
15. Re2 Nd4 16. Rf2 b5 17. Bb1 e5 18. Nxb5 Nxb5 19. Qa4 a6 20. Kh1 Bd7 21. Qd1
Be6 22. a4 Bxc4 23. b3 Qb6 24. axb5 Qxf2 25. Ra2 Bxb3 26. Qc1 0-1

[Event "ICS rated blitz match"]
[Site "204.178.125.65"]
[Date "2000.04.10"]
[Round "?"]
[White "Hossa"]
[Black "Tinker"]
[Result "1-0"]
[WhiteElo "2417"]
[BlackElo "2410"]
[PlyCount "41"]

1. e4 e5 2. Nf3 Nc6 3. Nc3 d6 4. Bb5 Bd7 5. O-O a6 6. Bxc6 Bxc6 7. d4 exd4 8.
Nxd4 Bd7 9. Re1 Ne7 10. e5 dxe5 11. Rxe5 Rc8 12. Bg5 h5 13. Bxe7 Bxe7 14. Nd5
Bg4 15. Qd3 Kf8 16. Nxe7 Qd6 17. Rae1 Rb8 18. h3 Bxh3 19. gxh3 Qh6 20. Ndf5
Qg5+ 21. Ng3 1-0

[Event "ICS rated blitz match"]
[Site "204.178.125.65"]
[Date "2000.04.10"]
[Round "?"]
[White "Tinker"]
[Black "Hossa"]
[Result "0-1"]
[WhiteElo "2394"]
[BlackElo "2433"]
[PlyCount "158"]

1. e4 e5 2. Nf3 Nc6 3. Bc4 Nf6 4. Ng5 d5 5. exd5 Na5 6. Bb5+ c6 7. dxc6 bxc6 8.
Bf1 h6 9. Nf3 e4 10. Qe2 Bb4 11. c3 O-O 12. Ng1 Bg4 13. Qe3 Bd6 14. b4 Nb7 15.
Ba6 Qc7 16. Bxb7 Qxb7 17. h3 Nd5 18. Qd4 Bh5 19. g4 Bg6 20. g5 hxg5 21. Ne2 Bh5
22. Rg1 Bxe2 23. Kxe2 Nf4+ 24. Kd1 Qe7 25. Qc4 Nxh3 26. Rf1 Nf4 27. Qxc6 Rac8
28. Qa6 Nd3 29. a3 Qd7 30. Rg1 Nxf2+ 31. Kc2 Be7 32. Rg3 f5 33. Kb3 Nd3 34. Rg1
Rf6 35. Qa4 Qxa4+ 36. Kxa4 Bc5 37. Rh1 Bxb4 38. cxb4 Ra6+ 39. Kb5 Rb6+ 40. Ka4
Rxc1 41. Rxc1 Nxc1 42. Nc3 Nd3 43. Rf1 g6 44. Nb5 Nb2+ 45. Kb3 Rxb5 46. Kxb2
Kf7 47. Rh1 Ke6 48. Rh7 a6 49. Rg7 Kf6 50. Rc7 Rb6 51. Kc2 Ke5 52. d3 exd3+ 53.
Kxd3 Ke6 54. Kd4 Kf6 55. Kc5 Re6 56. Rc6 Rxc6+ 57. Kxc6 f4 58. Kb6 f3 59. Kxa6
f2 60. Ka5 f1=Q 61. b5 Qxb5+ 62. Kxb5 g4 63. a4 g3 64. a5 g2 65. Kc6 Ke5 66. a6
g5 67. Kb7 Kd6 68. a7 g1=Q 69. a8=Q Qh1+ 70. Ka7 Qxa8+ 71. Kxa8 g4 72. Kb7 g3
73. Kb6 g2 74. Kb5 g1=Q 75. Kc4 Qd1 76. Kc3 Kc5 77. Kb2 Kb4 78. Ka2 Kc3 79. Ka3
Qa1# 0-1

[Event "ICS rated blitz match"]
[Site "204.178.125.65"]
[Date "2000.04.10"]
[Round "?"]
[White "Hossa"]
[Black "kako"]
[Result "1-0"]
[WhiteElo "2447"]
[BlackElo "2083"]
[PlyCount "63"]

1. e4 e6 2. d4 d5 3. Nc3 Nf6 4. Bg5 Be7 5. e5 Nfd7 6. Bxe7 Qxe7 7. f4 O-O 8.
Qd2 f5 9. Nf3 c5 10. Nb5 Nc6 11. Nd6 cxd4 12. Bb5 Nc5 13. Bxc6 bxc6 14. Nxd4
Bd7 15. Nb3 Ne4 16. Qd4 Nxd6 17. exd6 Qxd6 18. Nc5 a5 19. O-O Rab8 20. a3 Rfe8
21. b4 Bc8 22. bxa5 Ra8 23. Nb3 e5 24. fxe5 Qxe5 25. Rfe1 Qxe1+ 26. Rxe1 Rxe1+
27. Kf2 Re4 28. Qb6 Ba6 29. Qxc6 Re2+ 30. Kf3 Ra7 31. Qxd5+ Kf8 32. Nc5 1-0